000 01023nam a2200301Ia 4500
001 Para_1008
003 CHAP
008 220125s1995 xx 000 0 und d
010 _a198876
040 _cCHAP
090 _aPA TESIS 974
100 _aHernández Acosta, Jaime
_953774
245 _aDeterminación de plagas de importancia cuarentenaria para México en importaciones de material propagativo de cacao (Theobroma cacao L.) /
_c por Jaime Hernández Acosta
260 _aChapingo, Méx. :
_b El autor
300 _a63 h.
502 _aTesis (Ing. Agr. Esp. en Parasitología Agrícola) -- UACh. Depto. Parasitología
650 _aCacao
_x México
_916961
650 _aCacao
_x plagas
_916963
650 _aPlantas
_x cuarentena
_988811
710 _aUACh. Departamento parasitología Agrícola
_9164185
901 _aPA TESIS 974
902 _aA
905 _a0000001995 a 0000000000 00
910 _a1995
942 _cPARA
942 _cPARA
_d1
999 _c198876
_d198876